000 00231nam a22000857a 4500
008 161205b xxu||||| |||| 00| 0 eng d
100 _91790
_aWhitney.P.A.
245 _aSecret of Goblin Glen
260 _aPennyslvania
_bThe WestministerPress
999 _c4499
_d4499